[Event "Oruro Baptista Memorial"]
[Site "Oruro"]
[Date "2023.11.04"]
[Round "7"]
[White "Mollo, Jhoan"]
[Black "Arnez Vargas, Anderson"]
[Result "1-0"]
[WhiteElo "1892"]
[BlackElo "1435"]
[PlyCount "129"]
[EventDate "2023.11.01"]
[EventType "swiss"]
[EventRounds "9"]
[EventCountry "BOL"]
[SourceTitle "Mega2024 Update 01"]
[Source "Chessbase"]
[SourceDate "2023.11.12"]
[SourceVersion "1"]
[SourceVersionDate "2023.11.12"]
[SourceQuality "1"]

1. e4 e5 2. Nf3 Nf6 3. Nxe5 d6 4. Nc4 Nxe4 5. Nc3 Nxc3 6. bxc3 Be7 7. d4 0-0 8. Bd3 Nd7 9. 0-0 Nf6 10. Rb1 Rb8 11. Ne3 d5 12. Qf3 g6 13. a4 Be6 14. Bd2 Qd7 15. a5 Nh5 16. Rfe1 Bg5 17. h3 f5 18. Nf1 Bxd2 19. Nxd2 Nf6 20. Qe2 Bf7 21. Nf3 Qc6 22. Rb3 Rfe8 23. Ne5 Qd6 24. Qe3 Kg7 25. Qg5 Qe6 26. Re3 h6 27. Qf4 Nh5 28. Qf3 Bg8 29. Bb5 Red8 30. Nd7 Qd6 31. Nxb8 Rxb8 32. Re8 Rxe8 33. Bxe8 Qe7 34. Qe3 Be6 35. Qe5+ Nf6 36. Bb5 Qd6 37. Bd3 Qc6 38. Bb5 Qd6 39. Bd3 Qc6 40. Bb5 Qd6 41. Qxd6 cxd6 42. a6 b6 43. Bc6 Nd7 44. Rb5 Kf6 45. Bxd5 Bxd5 46. Rxd5 Ke6 47. Rb5 d5 48. Kf1 Kd6 49. Ke2 Kc6 50. Rb1 Nb8 51. Ra1 Kb5 52. Kd3 Nxa6 53. f4 g5 54. g3 gxf4 55. gxf4 Nc7 56. Rxa7 Ne6 57. Ke3 Kc4 58. Re7 Nd8 59. Rc7+ Kb5 60. Rd7 Ne6 61. Rxd5+ Kc4 62. Rxf5 Kxc3 63. d5 Nd4 64. Rf6 Kc4 65. d6 1-0

[Event "Oruro Baptista Memorial"]
[Site "Oruro"]
[Date "2023.11.03"]
[Round "5"]
[White "Mollo, Jhoan"]
[Black "Iturry Quinonez, Gunther William"]
[Result "1/2-1/2"]
[WhiteElo "1892"]
[BlackElo "2172"]
[PlyCount "139"]
[EventDate "2023.11.01"]
[EventType "swiss"]
[EventRounds "9"]
[EventCountry "BOL"]
[SourceTitle "Mega2024 Update 01"]
[Source "Chessbase"]
[SourceDate "2023.11.12"]
[SourceVersion "1"]
[SourceVersionDate "2023.11.12"]
[SourceQuality "1"]

1. e4 e6 2. d4 d5 3. exd5 exd5 4. Bd3 Nc6 5. c3 Bd6 6. Qf3 Nge7 7. Ne2 Be6 8. Bf4 Bxf4 9. Nxf4 Qd7 10. Nxe6 Qxe6+ 11. Qe2 Qxe2+ 12. Kxe2 0-0-0 13. f4 Ng6 14. g3 Rde8+ 15. Kf2 Re7 16. Nd2 Rhe8 17. Nf3 Nf8 18. Rae1 f6 19. h4 Rxe1 20. Nxe1 Nd8 21. Nc2 c6 22. Ne3 Nf7 23. h5 Nd6 24. Nf5 Nxf5 25. Bxf5+ Kd8 26. b4 Kc7 27. a4 b6 28. g4 Kd6 29. h6 g6 30. Bd3 Ne6 31. Kf3 c5 32. dxc5+ bxc5 33. bxc5+ Nxc5 34. Bc2 Ne6 35. Rd1 Rc8 36. Rd3 d4 37. f5 gxf5 38. gxf5 Rxc3 39. fxe6 Rxc2 40. Rxd4+ Kxe6 41. Rg4 Rc3+ 42. Ke2 Rh3 43. Rg7 Rxh6 44. Rxa7 Rh3 45. a5 h5 46. a6 Kf5 47. Ra8 Ra3 48. a7 h4 49. Rh8 Rxa7 50. Rxh4 Ra3 51. Rb4 Kg5 52. Kf2 f5 53. Kg2 Ra6 54. Kf2 Ra5 55. Kf3 Rc5 56. Kg3 Rc3+ 57. Kf2 Ra3 58. Kg2 Ra8 59. Kf3 Re8 60. Ra4 Re5 61. Rb4 Rc5 62. Ra4 Rc3+ 63. Kf2 Rh3 64. Kg2 Rh6 65. Kf3 Re6 66. Rb4 Re5 67. Ra4 Rb5 68. Kg3 Rb3+ 69. Kf2 f4 70. Ra8 1/2-1/2

[Event "Titled Tuesday intern op 08th June"]
[Site "Chess.com INT"]
[Date "2021.06.08"]
[Round "6"]
[White "Mollo, Jhoan"]
[Black "Calin, Alexandru"]
[Result "1-0"]
[WhiteElo "2073"]
[BlackElo "2112"]
[PlyCount "131"]
[EventDate "2021.06.08"]
[EventType "swiss (blitz)"]
[EventRounds "11"]
[EventCountry "USA"]
[SourceTitle "CBM 202 Extra"]
[Source "ChessBase"]
[SourceDate "2021.07.31"]
[SourceVersion "1"]
[SourceVersionDate "2021.07.31"]
[SourceQuality "1"]

1. e4 d6 2. d4 Nf6 3. Bd3 e5 4. c3 d5 5. f3 dxe4 6. fxe4 Nxe4 7. Nf3 Nf6 8. dxe5 Nd5 9. 0-0 Bc5+ 10. Kh1 Be6 11. a4 Nd7 12. b4 Be7 13. Qe2 c5 14. b5 Qa5 15. c4 Nb4 16. Be4 0-0-0 17. Ng5 Bxg5 18. Bxg5 Rde8 19. Bf4 Nb6 20. Nd2 Rd8 21. Nb3 Bxc4 22. Nxa5 Bxe2 23. Rf2 Bd3 24. Bxb7+ Kd7 25. Nc6 Rde8 26. Nxb4 cxb4 27. Bc6+ Ke6 28. Bxe8 Rxe8 29. Rd2 Be4 30. Rd6+ Kf5 31. Rf1 Nc4 32. Bg3+ Kg4 33. Rf4+ Kg5 34. h4+ Kh5 35. Rd4 Bg6 36. Rxc4 b3 37. Rb4 Rxe5 38. Rxb3 Re2 39. Kh2 f5 40. Rc4 Bf7 41. Rf3 Bxc4 42. Rxf5+ Kg6 43. Rc5 Bb3 44. a5 Rd2 45. b6 axb6 46. axb6 Bd5 47. Rxd5 Rxd5 48. b7 Rb5 49. b8Q Rxb8 50. Bxb8 Kh5 51. Bf4 Kg4 52. Bg3 h6 53. Be1 g6 54. g3 Kf3 55. Kh3 h5 56. Bb4 Kf2 57. Bd6 Kf3 58. Kh2 Kf2 59. Kh1 Kf3 60. Kg1 Kg4 61. Kf2 g5 62. hxg5 Kxg5 63. Kf3 h4 64. Be7+ Kh5 65. Bxh4 Kg6 66. Kg4 1-0

[Event "FIDE World Cup American Qual Gp8"]
[Site "Tornelo INT"]
[Date "2021.05.24"]
[Round "2.1"]
[White "Mollo, Jhoan"]
[Black "Hungaski, Robert Andrew"]
[Result "0-1"]
[WhiteElo "2073"]
[BlackElo "2514"]
[PlyCount "69"]
[EventDate "2021.05.22"]
[EventType "k.o. (rapid)"]
[EventRounds "4"]
[EventCountry "USA"]
[SourceTitle "CBM 202 Extra"]
[Source "ChessBase"]
[SourceDate "2021.07.31"]
[SourceVersion "1"]
[SourceVersionDate "2021.07.31"]
[SourceQuality "1"]

1. d4 d5 2. Bf4 c5 3. c3 Nc6 4. e3 Bf5 5. Nd2 e6 6. Ngf3 Qb6 7. Qb3 c4 8. Qxb6 axb6 9. a3 b5 10. Rc1 f6 11. Nh4 Be4 12. Nhf3 Bf5 13. Nh4 Be4 14. Nhf3 g5 15. Bg3 Bg6 16. h4 g4 17. h5 Bf7 18. Ng1 e5 19. f3 Bh6 20. Kf2 exd4 21. cxd4 Nxd4 22. exd4 Bxd2 23. Rc2 Ba5 24. fxg4 Nh6 25. Be2 Rg8 26. Rh4 Be6 27. Nh3 Nxg4+ 28. Bxg4 Bxg4 29. Nf4 0-0-0 30. h6 Rde8 31. b4 Bc7 32. Rc3 Bb6 33. Rc2 Bxd4+ 34. Kf1 Bf5 35. Bf2 0-1

[Event "American World Cup Q Prelim"]
[Site "Tornelo INT"]
[Date "2021.05.09"]
[Round "9"]
[White "Mollo, Jhoan"]
[Black "Gedajlovic, Max"]
[Result "1/2-1/2"]
[WhiteElo "2073"]
[BlackElo "2270"]
[PlyCount "53"]
[EventDate "2021.05.08"]
[EventType "swiss (rapid)"]
[EventRounds "9"]
[EventCountry "USA"]
[SourceTitle "CBM 202 Extra"]
[Source "ChessBase"]
[SourceDate "2021.07.31"]
[SourceVersion "1"]
[SourceVersionDate "2021.07.31"]
[SourceQuality "1"]

1. d4 Nf6 2. Bf4 e6 3. e3 c5 4. c3 Nc6 5. Nd2 d5 6. Ngf3 Bd6 7. Bg3 0-0 8. Bd3 Qe7 9. Ne5 Nd7 10. Nxd7 Bxd7 11. Bxd6 Qxd6 12. f4 cxd4 13. cxd4 Nb4 14. Bb1 Qa6 15. Nb3 Ba4 16. a3 Nc6 17. Nc5 Bxd1 18. Nxa6 Bh5 19. Nc5 b6 20. Nb3 Rac8 21. Kd2 Bg6 22. Bxg6 hxg6 23. Rhc1 Ne7 24. Rxc8 Rxc8 25. Rc1 Rxc1 26. Nxc1 Kf8 27. Nd3 1/2-1/2

[Event "FIDE World Uni Rapid-F 1st"]
[Site "Tornelo INT"]
[Date "2021.03.21"]
[Round "12"]
[White "Kunal, Sharma1111"]
[Black "Mollo, Jhoan"]
[Result "1-0"]
[WhiteElo "1324"]
[BlackElo "2073"]
[PlyCount "97"]
[EventDate "2021.03.20"]
[EventType "swiss (rapid)"]
[EventRounds "12"]
[EventCountry "NET"]
[SourceTitle "EXT 2022"]
[Source "ChessBase"]
[SourceDate "2021.10.06"]
[SourceVersion "1"]
[SourceVersionDate "2021.10.06"]
[SourceQuality "1"]

1. d4 d5 2. c4 c6 3. Nf3 Nf6 4. Nc3 a6 5. cxd5 cxd5 6. Bg5 Nc6 7. e3 Bg4 8. Be2 e6 9. h3 Bxf3 10. Bxf3 Rc8 11. Rc1 Be7 12. a3 0-0 13. 0-0 b5 14. b4 Qb6 15. Qb3 Rfd8 16. Rfd1 Qb7 17. Qb2 Nd7 18. Bxe7 Nxe7 19. Ne2 Nb6 20. Rc5 Nc4 21. Qb3 f5 22. Nf4 Qd7 23. Ra1 Nd2 24. Qd1 Nc4 25. Qb3 Rxc5 26. bxc5 a5 27. Be2 Kf7 28. a4 Rb8 29. Ra2 Rb7 30. axb5 Qxb5 31. Qxb5 Rxb5 32. Nd3 Nc6 33. Ra1 Ke7 34. g4 g6 35. gxf5 gxf5 36. Kh2 Rb8 37. Bf3 Ra8 38. Nf4 Nb4 39. Be2 a4 40. Rb1 a3 41. Rxb4 a2 42. Rb7+ Kf6 43. Nh5+ Kg6 44. Rg7+ Kh6 45. Rf7 f4 46. Rf6+ Kg5 47. exf4+ Kh4 48. Rh6 a1Q 49. Ng3# 1-0

[Event "FIDE World Uni Rapid-F 1st"]
[Site "Tornelo INT"]
[Date "2021.03.21"]
[Round "9"]
[White "Mollo, Jhoan"]
[Black "Rangel, Hernandez Carlos Al"]
[Result "0-1"]
[WhiteElo "2073"]
[BlackElo "1852"]
[PlyCount "56"]
[EventDate "2021.03.20"]
[EventType "swiss (rapid)"]
[EventRounds "12"]
[EventCountry "NET"]
[SourceTitle "EXT 2022"]
[Source "ChessBase"]
[SourceDate "2021.10.06"]
[SourceVersion "1"]
[SourceVersionDate "2021.10.06"]
[SourceQuality "1"]

1. d4 d5 2. Bf4 Nf6 3. e3 e6 4. Nd2 Bd6 5. Bxd6 Qxd6 6. f4 c5 7. c3 0-0 8. Ngf3 Nc6 9. Ne5 Ne4 10. Bd3 f5 11. 0-0 Nxe5 12. fxe5 Qb6 13. Rb1 Bd7 14. Qe2 Rac8 15. Rf4 a6 16. a3 Bb5 17. Bxb5 axb5 18. Nxe4 fxe4 19. Rbf1 cxd4 20. exd4 Qc6 21. Qg4 Qd7 22. Qg5 Rxf4 23. Qxf4 Qe7 24. Qg4 Rf8 25. Qe2 Rxf1+ 26. Qxf1 Qe8 27. h3 h6 28. Kh2 Qc6 0-1

[Event "FIDE World Uni Blitz-A 1st"]
[Site "Tornelo INT"]
[Date "2021.03.13"]
[Round "6.34"]
[White "Gagarin, Ivan"]
[Black "Mollo, Jhoan"]
[Result "0-1"]
[WhiteElo "1725"]
[BlackElo "2073"]
[PlyCount "72"]
[EventDate "2021.03.13"]
[EventType "swiss (blitz)"]
[EventRounds "10"]
[EventCountry "NET"]
[SourceTitle "EXT 2022"]
[Source "ChessBase"]
[SourceDate "2021.10.06"]
[SourceVersion "1"]
[SourceVersionDate "2021.10.06"]
[SourceQuality "1"]

1. c3 d5 2. d4 Nf6 3. Nf3 c5 4. e3 Nc6 5. b3 Bg4 6. Bd3 e6 7. Nbd2 Be7 8. Bb2 0-0 9. 0-0 Rc8 10. Rc1 a6 11. a3 e5 12. dxe5 Nxe5 13. Be2 Nc6 14. Qc2 Bh5 15. Bd3 Bg6 16. c4 dxc4 17. Bxg6 hxg6 18. Nxc4 b5 19. Rcd1 Qc7 20. Nce5 Rfd8 21. Nxc6 Qxc6 22. Ne5 Qe6 23. a4 Nd5 24. Rfe1 Bf6 25. f4 Nb4 26. Rxd8+ Rxd8 27. Qxc5 Qxb3 28. Bc3 Nc2 29. Ra1 Nxa1 30. Qc7 Qd1+ 31. Kf2 Rf8 32. axb5 axb5 33. Nd7 Qc2+ 34. Kg3 Qxc3 35. Qa7 Re8 36. Kf3 Nc2 0-1

[Event "FIDE World Uni Blitz-A 1st"]
[Site "Tornelo INT"]
[Date "2021.03.13"]
[Round "9.33"]
[White "Mollo, Jhoan"]
[Black "Moreno Herrera, Rodrigo"]
[Result "1-0"]
[WhiteElo "2073"]
[BlackElo "1633"]
[PlyCount "61"]
[EventDate "2021.03.13"]
[EventType "swiss (blitz)"]
[EventRounds "10"]
[EventCountry "NET"]
[SourceTitle "EXT 2022"]
[Source "ChessBase"]
[SourceDate "2021.10.06"]
[SourceVersion "1"]
[SourceVersionDate "2021.10.06"]
[SourceQuality "1"]

1. d4 d5 2. Bf4 Nf6 3. e3 c5 4. c3 Nc6 5. Nd2 Qb6 6. Qb3 c4 7. Qxb6 axb6 8. Ngf3 b5 9. b4 Bf5 10. Nh4 Bd7 11. Be2 h6 12. Nhf3 Bf5 13. 0-0 e6 14. Bd1 Ra3 15. Nb1 Bxb1 16. Rxb1 Rxc3 17. a4 bxa4 18. Bxa4 Ne4 19. b5 Nb4 20. b6+ Nc6 21. Bxc6+ bxc6 22. b7 Bd6 23. Bxd6 Kd7 24. b8Q Rxb8 25. Bxb8 c5 26. dxc5 Nxc5 27. Ne5+ Ke7 28. Nc6+ Kd7 29. Nd4 Nb3 30. Nxb3 cxb3 31. Rfc1 1-0

[Event "ECU Clasif2 U20"]
[Site "Chess.com INT"]
[Date "2020.12.18"]
[Round "5"]
[White "Esmeraldas Huachi, Anderson Yahir"]
[Black "Mollo, Jhoan"]
[Result "0-1"]
[WhiteElo "2003"]
[BlackElo "2073"]
[PlyCount "88"]
[EventDate "2020.12.18"]
[EventType "swiss"]
[EventRounds "9"]
[EventCountry "ECU"]
[SourceTitle "EXT 2022"]
[Source "ChessBase"]
[SourceDate "2021.10.06"]
[SourceVersion "1"]
[SourceVersionDate "2021.10.06"]
[SourceQuality "1"]

1. d4 d5 2. c4 c6 3. Nc3 Nf6 4. cxd5 cxd5 5. Qc2 Nc6 6. Nf3 a6 7. Bg5 e6 8. e3 Be7 9. a3 0-0 10. Bd3 h6 11. Bf4 Na5 12. 0-0 b5 13. Rfc1 Bb7 14. b4 Nc4 15. Nd2 Nxd2 16. Qxd2 Rc8 17. Rc2 Nd7 18. h3 Nb6 19. Ne2 Nc4 20. Bxc4 bxc4 21. Nc3 Bc6 22. Rb2 Qb6 23. f3 Ra8 24. e4 dxe4 25. fxe4 Rfd8 26. Be3 Bf6 27. Rd1 Qb7 28. e5 Bxe5 29. Qe2 Bb8 30. Qxc4 Qc7 31. Qe2 Qh2+ 32. Kf1 Bd6 33. Qg4 Rac8 34. Bxh6 g6 35. Bg5 Rd7 36. Rbd2 Bb7 37. Ne2 a5 38. Bf4 Bxf4 39. Nxf4 Rc3 40. Kf2 axb4 41. axb4 Rdc7 42. d5 R7c4 43. Rd4 Rc2+ 44. Ne2 Bxd5 0-1

[Event "ECU Clasif1 U20"]
[Site "Chess.com INT"]
[Date "2020.12.17"]
[Round "7"]
[White "Flores Quillas, Diego Saul Rodrigo"]
[Black "Mollo, Jhoan"]
[Result "1/2-1/2"]
[WhiteElo "2245"]
[BlackElo "2073"]
[PlyCount "66"]
[EventDate "2020.12.17"]
[EventType "swiss"]
[EventRounds "9"]
[EventCountry "ECU"]
[SourceTitle "EXT 2022"]
[Source "ChessBase"]
[SourceDate "2021.10.06"]
[SourceVersion "1"]
[SourceVersionDate "2021.10.06"]
[SourceQuality "1"]

1. e4 c6 2. d4 d5 3. Nc3 dxe4 4. Nxe4 Nd7 5. Ng5 Ngf6 6. Bd3 e6 7. Qe2 Nb6 8. N1f3 h6 9. Ne4 Be7 10. Bd2 a5 11. 0-0-0 a4 12. Kb1 Nbd5 13. c4 Nb4 14. Nxf6+ gxf6 15. Bxb4 Bxb4 16. d5 cxd5 17. cxd5 e5 18. Nxe5 Qe7 19. Nf3 Qxe2 20. Bxe2 Bf5+ 21. Bd3 Bxd3+ 22. Rxd3 Kd7 23. a3 Bc5 24. Rc1 Bd6 25. g3 Rac8 26. Nd4 h5 27. h4 Rxc1+ 28. Kxc1 Re8 29. Kd1 Bc5 30. f3 Re5 31. Ne2 Kd6 32. Nc3 f5 33. Nxa4 Bf2 1/2-1/2